Europäische Geschichte nach Buchstaben - Q - Statistiken

Allgemein
  • Dieses Quiz wurde 43 mal gespielt
  • Das Durchschnittsergebnis liegt bei 6 aus 12
Antwortstatistiken
Hinweis Antwort % Korrekt
Titel britischer Monarchen wie Elizabeth, Victoria und Anne Queen
100%
Von europäischen Wissenschaftlern wie Planck, Einstein, Fermi und Dirac Anfang des 20. Jhd maßgeblich geprägte Wissenschaftsdisziplin Quantenphysik
85%
In England um 1650 entstandene christliche Gemeinschaft. Durch u.a. William Penn auch in Amerika verbreitet Quäker
79%
Krönungsort von Ostfrankenkönig Heinrich I und bedeutendes Kloster und Residenzort der Ottonenzeit Quedlinburg
74%
Protagonist eines historische Romans von Victor Hugo über den Glöckner von Notre-Dame Quasimodo
67%
Vierspanniger Streitwagen, der im antiken Rom für Wagenrennen und Triumphzüge eingesetzt wurde Quadriga
62%
Einstiegsamt der römischen Ämterlaufbahn, dem die Aufgabe der Verwaltung der Staatskasse zugeteilt war Quästor
41%
Hügel von Rom, auf dem die Päpstliche Sommerresidenz, später Palast des Präsidenten Italiens errichtet wurde Quirinal
28%
Germanenstamm, der in der Spätantike teilweise in der Slowakei und durch die Völkerwanderung in Spanien siedelte Quaden
15%
Norwegischer Ministerpräsident, der mit den Nazis kollaborierte Vidkun Quisling
13%
Römischer Rhetoriker des Ersten Jahrhunderts, der das einflussreiche Werk Institutio oratoria verfasste Quintilian
10%
Wichtiger Anführer der Barone, die den Englischen König Johann Ohneland zur Annahme der Magna Charta zwangen Saer de Quincy
5%
Keine übereinstimmenden Quizze gefunden
Verteilung der Resultate
Anzahl Personen mit jedem Resultat
Perzentil nach korrekt beantworteten Fragen
Ihre Resultats-Entwicklung
Sie haben dieses Quiz noch nicht gespielt